000 00705nam a2200241 i 4500
003 DO-SdBNP
005 20251118090131.0
007 ta
008 251118b1991 dr ||||| |||| 00| 0 spa d
040 _aDO-SdBNP
_bspa
_cBNPHU
_erda
041 _aspa
082 4 _axxx
_bxxx
_222
100 _aCordero, Orlando,
_eautor
_4aut.
_9593
245 1 0 _aRegata fortuita /
_cOrlando Cordero
264 1 _aSanto Domingo, República Dominicana :
_beditor no identificado,
_c1991.
300 _a58 páginas ;
_c21 cm.
336 _atexto
_btxt
_2rdacontent
337 _asin mediación
_bn
_2rdamedia
338 _avolumen
_bnc
_2rdacarrier
590 _aInventariado, 2025/BT
910 _aBtavárez
942 _2ddc
_cLF2
999 _c60054
_d60054